000 00771cam a2200277 4500
001 4441221
003 ARRUPE
005 20161102104527.0
008 700430s1969 enkfh b 001 0beng
010 _a72457149
020 _a0281023395
035 _a(OCoLC)505748530
035 _a(OCoLC)ocn505748530
035 _a(NNC)4441221
040 _aDLC
_cDLC
_dNNUT
050 0 _aBX4700.E7
_bS65
090 _aBX4700.E7
_bS65
100 1 _aSquire, Aelred.
_927203
245 1 0 _aAelred of Rievaulx: .
_ba study
_cAelred Squire
260 _aLondon,
_bS.P.C.K.,
_c1969.
300 _axii, 177 p,
_bplate. facsim.
_c23 cm.
504 _aBibliography: p. [153]
600 0 0 _aAelred,
_cof Rievaulx, Saint,
_d1110-1167.
_927204
942 _2lcc
_cMONOGRAPH
999 _c125641
_d125641